000 01033nam a2200229Ia 4500
001 L871-38095
003 IT-CnALBA
008 170116s9999||||xx |||||||||||||| ||und||
040 _aIT-CnALBA
_cIT-CnALBA
041 _aLATINO
100 _aOVIDIO P. NASONE
245 0 _aP. OVIDI NASONIS. AMORES. MEDICAMINA FACIEI FEMINAE. ARS AMATORIA. REMEDIA AMORIS.
250 _a1a ed.
260 _a ONOXII
_bCLARENDONIANUS TYPOGRAPHEUS
_c1961 [1° Ed.:1961 - Ed.Ling.Originale: 1961]
300 _a260 p. (prefazione: 12)
500 _aNOTE CRITICHE DI KENNEY E.J. APPENDICE CRITICA. INDICE ONOMASTICO. AMORI. TRUCCHI DEL VOLTO DELLA DONNA. ARTE AMATORIA. RIMEDI DELL'AMORE.
501 _aSocietà San Paolo EM - Piazza San Paolo, 14 - 12051 ALBA (CN) (non commercial uses only) ® Copyright 2017
520 _aNOTE CRITICHE DI KENNEY E.J. APPENDICE CRITICA. INDICE ONOMASTICO. AMORI. TRUCCHI DEL VOLTO DELLA DONNA. ARTE AMATORIA. RIMEDI DELL'AMORE.
650 _aPROSE E POESIA LATINA
942 _cBK
957 _71
999 _a42867
_bNO
_g Copie: 1
_c296902
_d296902